General Knowledge Sports - Statistics

General Stats
  • This quiz has been taken 35 times
    34 since last reset
  • The average score is 3 of 8
Answer Stats
Question Answer % Correct
Who won the 2004 World Series? Boston Red Sox
70%
Who lost in the first Super Bowl? Chiefs
70%
Where is the Great American Ballpark Located? Cincinatti
37%
Who won the 1980 World Series? Philadelphia Phillies
33%
What is the name of the Atlanta Falcins home field? The Georgia Dome
30%
Who plays in the football game named the Iron Bowl? Auburn and Alabama
23%
Where was the 1966 Super Bowl Played? Los Angeles
20%
What state was basketball invented in? Massachusets
3%
No matching quizzes found
Score Distribution
Percent of People with Each Score
Percentile by Number Answered
Your Score History
You have not taken this quiz since the last reset